| 000 | 03843nas1a22005411 4500 | ||
|---|---|---|---|
| 001 | RU\NLR\INFOCOMM18\1000094992 | ||
| 005 | 20250807190122.0 | ||
| 035 | _a(NLR Aleph) 002759032 | ||
| 090 |
_a1028 _c1028 |
||
| 100 | _a20040206c1941 u y0rusy50 ca | ||
| 101 | 0 | _arus | |
| 102 | _aRU | ||
| 110 | _azyu||||0|y0 | ||
| 200 | 1 |
_aНаучно-исследовательские труды _fМ-во лег. пром. СССР. Главкожтехзаменитель. Центр. науч.-исслед. ин-т заменителей кожи (ЦНИКЗ) |
|
| 207 | 1 | _aСб.1- | |
| 210 |
_aМ. _cГизлегпром _d1941- |
||
| 309 | _aОписано по Сб.2 | ||
| 710 | 0 | 2 |
_aВсесоюзный научно-исследовательский институт пленочных материалов и искусственной кожи _4070 |
| 801 | 1 |
_aRU _bInfoComm _c20040206 |
|
| 801 | 0 |
_aRU _bNLR _gPSBO |
|
| 852 |
_aNLR _jП10/956 |
||
| 942 | _cSE | ||
| 945 | _aРоссийская национальная библиотека | ||
| 980 | _aNB | ||
| 980 | _aBV | ||
| 980 | _aRUSPER | ||